Buon Natale nelle lingue del mondo - Statistics

Statistiche generali
  • Questo quiz è stato fatto 160 volte
    159 dall'ultimo reset
  • Il punteggio medio è 11 su 20
Statistiche sulle risposte
Hint Risposta % Corretto
Italiano Buon Natale
90%
Inglese Merry Christmas
88%
Portoghese Feliz Natal
82%
Greco Καλά Χριστούγεννα
80%
Russo Счастливого Рождества
79%
Francese Joyeux Noël
78%
Spagnolo feliz Navidad
75%
Tedesco Frohe Weihnachten
74%
Hindī क्रिसमस की बधाई
73%
Cinese 圣诞节快乐(
71%
Coreano 즐거운 성탄절
59%
Giapponese メリークリスマス
50%
Rumeno Crăciun fericit
50%
Danese glædelig jul
28%
Ceco Veselé Vánoce
25%
Lettone Priecīgus Ziemassvētkus
24%
Olandese Vrolijk Kerstfeest
23%
Afrikaans Geseënde kersfees
17%
Turco Mutlu Noeller
17%
Norvegese god jul
14%
Nessun quiz corrispondente trovato
Distribuzione punteggi
Percentuale di utenti per punteggio
Percentile per numero di risposta
I tuoi punteggi nel tempo
Non hai fatto questo quiz dall'ultimo reset